| 000 | 01014cam a2200265 a 4500 | ||
|---|---|---|---|
| 999 |
_c529598 _d529598 |
||
| 020 | _a0131523686 (text) | ||
| 020 | _a0131523694 (IE) | ||
| 082 | 0 | 0 | _a808/.042 |
| 100 | 1 | _aWinkler, Anthony C. | |
| 245 | 1 | 0 |
_aWriting talk. _cAnthony C. Winkler, Jo Ray McCuen-Metherell. |
| 250 | _a4th ed. | ||
| 260 |
_aUpper Saddle River, N.J. : _bPearson Education, _cc2006. |
||
| 300 |
_axviii, 624 p. : _bill. ; _c28 cm. |
||
| 942 |
_2ddc _cBK |
||
| 650 | 0 |
_aEnglish language _921924 |
|
| 650 | 0 |
_aEnglish language _921925 |
|
| 650 | 0 |
_aEnglish language _913133 |
|
| 650 | 0 |
_aReport writing _921926 |
|
| 650 | 0 |
_aCollege readers. _921927 |
|
| 700 | 1 |
_aMcCuen, Jo Ray, _d1929- _921928 |
|